Statystyki dla Nazwij państwo po wiadomościach w 2020 roku

Kliknij tutaj aby rozwiązać quiz!

Ogólne statystyki

  • Ten quiz został rozwiązany 3 468 razy
  • Średni wynik to 9 z 17

Statystyki odpowiedzi

Wydarzenie% Poprawnych
Joe Biden wygrał wybory w {Stanach} {Zjednoczonych}
99%
Pandemia rozpoczęła się w: {Chinach}
99%
{Wielka} {Brytania} w końcu opuściła UE
88%
{Włochy} to pierwsze państwo w Europie z fatalnym stanem pandemii koronawirusa
84%
{Korea} {Północna} jest największym państwem bez zdiagnozowanego przypadku COVID-19,
co jest bardzo wątpliwą statystyką przez reżim w tym państwie
58%
34 osoby zginęły w związku z pożarami w {Australii}
56%
{Iran} zestrzelił samolot pasażerski i próbował to ukryć
53%
{Rosja} jest pierwszym państwem ze szczepionką na COVID, jednak nie przeszła ona żadnych testów
52%
{Szwecja} to państwo UE, które nie wprowadziło restrykcji w związku z pandemią
49%
Na przełęczy w Himalajach, grupa żołnierzy z {Indii} stoczyła walki z chińskimi oddziałami używając kamieni
45%
Shinzo Abe rezygnuje z posady premiera {Japonii} po ośmioletniej kadencji
44%
Film Parasite z {Korei} {Południowej} zdobył Oscara za najlepszy film
41%
{Izrael} poprawia relacje z trzema innymi państwami arabskimi
39%
Generał Iranu Ghasem Solejmani zostaje zabity przez Amerykanów podczas pobytu w {Iraku}
38%
{Turcja} rozpoczyna operacje wojskowe w irackim Kurdystanie
38%
We {Francji} terroryści ścinają głowy z powodu karykatur Mahometa
32%
Kabus ibn Sa’id, sułtan z {Omanu}, umiera po 50 latach rządów
28%

Rozkład punktacji

Percentyl według liczby udzielonych odpowiedzi

Procent ludzi z każdym wynikiem

Twoja historia wyników

Nie rozwiązałeś tego quizu